| 000 | 00605nam a22001937a 4500 | ||
|---|---|---|---|
| 003 | OSt | ||
| 005 | 20250528101301.0 | ||
| 008 | 250528b |||||||| |||| 00| 0 eng d | ||
| 020 | _a9780935315639 | ||
| 040 |
_aKMU _beng _cKMU _dKMU _erda |
||
| 050 | _aTP438.S6 P76 | ||
| 245 |
_aPractical Handbook of Soybean Processing and Utilization/ _cDavid R. Erickson, Editor. |
||
| 260 |
_aUrbana: _bAOCS, _c1995 |
||
| 300 |
_avii, 584 pages: _billustrations; _c23 cm |
||
| 504 | _aincludes bibliographical references and an index. | ||
| 650 | _aSoybean products | ||
| 700 | _aErickson, David R. | ||
| 942 |
_2lcc _cBK _n0 |
||
| 999 |
_c1881 _d1881 |
||